Pokémon Anime Trivia - Hoenn Region - Statistics

General Stats
  • This quiz has been taken 101 times
  • The average score is 10 of 15
Answer Stats
Question Answer % Correct
Ash travels around the Hoenn region with a Brock, a new companion named May, and her brother. What is her brothers name? Max
95%
Ash catches a full team of pokemon in the Hoenn region. Which of these pokemon does he NOT have there? Mudkip
90%
Ash fights the 5th gym leader in Hoenn, who is also May's father. What is this gym leaders name? Norman
90%
There are three villanous teams that appear in the Anime and games for the Hoenn region? Which of these teams do NOT appear in this region? Team Flare
90%
At the weather institute near Fortree city, Team Aqua is trying to capture a weather changing Pokemon for their own use. Which pokemon is this? Castform
87%
Which member of the Hoenn Elite Four do Ash and Co. meet prior to the EverGrande Tournament? Drake
77%
Ash's companion May also collects a team of Pokemon in the Hoenn Region for contests. Which of these Pokémon did she NOT have? Roselia
77%
In both the Games and the Anime, Ash/protagonist has Mr. Briney transport them to Dewford City by boat. What is the name of Mr. Briney's wingull? Peeko
72%
Ash also fights the flying type gym leader in Fortree city. What is the final Pokemon battle in this Gym challenge? Swellow vs Swellow
69%
What was the first Pokémon Ash caught in the Hoenn region? Taillow
69%
What is the final competition of all of the regions coordinators contests called in the Anime? Grand Festival
62%
At the end of the Evergrande league Ash meets the organizer of the Battle Frontier, which becomes his next destination. Who runs the Battle Frontier? Scott
51%
Which Gym leader does Ash fight in Sootopolis City? Juan
46%
Ash's finishes in the Top 8 in the Evergrande, which evetual winner of the tournament does he lose to? Tyson
38%
Ash must fight a preliminary battle in the Evergrande Cup, which he wins. Who does he fight in this battle? Gilbert
28%
No matching quizzes found
Score Distribution
Percent of People with Each Score
Percentile by Number Answered
Your Score History
You have not taken this quiz